Estudio de algunos aspectos de las secciones verbales de la Prueba de Aptitud Académica

Enregistré dans:
Détails bibliographiques
Auteur principal: Bianchi, Lucy
Autres auteurs: Salinas, Gilberto
Format: Livre
Langue:espagnol
Publié: Santiago Instituto de Investigaciones Estadísticas 1969
Collection:Monografías. 2
Sujets:
Tags: Ajouter un tag
Pas de tags, Soyez le premier à ajouter un tag!

MARC

LEADER 00000nam a2200000 a 4500
001 UCU0968
003 CL-VaPUC
005 20201125001105.0
008 960329e19690000CL |||||||||||||||||spa|d
999 |c 245742  |d 245740 
040 |c Pontificia Universidad Católica de Valparaíso 
082 0 4 |a 371.262 BIA 1969  |2 21 
100 0 |a Bianchi, Lucy  |9 356505 
245 1 0 |a Estudio de algunos aspectos de las secciones verbales de la Prueba de Aptitud Académica 
260 |a Santiago  |b Instituto de Investigaciones Estadísticas  |c 1969 
300 |a 14 páginas 
490 0 |a Monografías.  |v 2 
583 |a last modification  |c 19960329 00:00:00  |k Rodrigo Vera 
650 0 |a Evaluación de la educación   |9 237505 
650 7 |a MEDICION EDUCACIONAL  |2 CL-VaPUC  |9 343534 
650 7 |a PRACTICA DE TESTS EDUCACIONALES  |2 CL-VaPUC  |9 356507 
650 7 |a TESTS  |2 CL-VaPUC  |9 309359 
700 0 |a Salinas, Gilberto  |9 356506 
942 |c BK  |2 ddc 
945 |d 19960329 00:00:00  |a lriquelm 
952 |0 0  |1 0  |2 ddc  |4 0  |6 371_262000000000000_BIA_1969  |7 0  |8 P  |9 260333  |a BIBEDU  |b BIBEDU  |c BIBEDU_PB  |d 2019-11-19  |i 1635689  |o 371.262 BIA 1969  |p 1635689  |r 2019-11-19  |t 1  |w 2019-11-19  |y BK  |k EDU